[Event "Catalunya-chT Gp2"]
[Site "Barcelona"]
[Date "2017.03.04"]
[Round "7.4"]
[White "Hoensch, Matthias"]
[Black "Duran Albareda, Xavier"]
[Result "0-1"]
[WhiteElo "2268"]
[BlackElo "2288"]
[PlyCount "136"]
[EventDate "2017.01.21"]
[EventType "team-tourn"]
[EventRounds "7"]
[EventCountry "ESP"]
[SourceTitle "EXT 2018"]
[Source "ChessBase"]
[SourceDate "2017.10.13"]
[SourceVersion "1"]
[SourceVersionDate "2017.10.13"]
[SourceQuality "1"]
[WhiteTeam "Banyoles"]
[BlackTeam "Terrassa"]
[WhiteTeamCountry "ESP"]
[BlackTeamCountry "ESP"]

1. Nf3 Nf6 2. c4 e6 3. g3 a6 4. Bg2 b5 5. b3 Bb7 6. 0-0 Be7 7. Bb2 0-0 8. d3 c5 9. e3 Qb6 10. Qe2 Nc6 11. Nbd2 d5 12. Rab1 Rfd8 13. a3 Nd7 14. Rfc1 Rac8 15. h3 Bf6 16. Bxf6 Nxf6 17. Rc2 Qa5 18. cxd5 Nxd5 19. Ne4 Qxa3 20. Nxc5 Ncb4 21. d4 Nxc2 22. Qxc2 Rc7 23. Ne5 Nb4 24. Qc3 Bxg2 25. Ra1 Nd5 26. Rxa3 Nxc3 27. Kxg2 Ra8 28. Rxa6 Rxa6 29. Nxa6 Ra7 30. Nc5 Ra2 31. Ned3 Rd2 32. Kf3 Kf8 33. e4 Ke7 34. Ke3 Re2+ 35. Kf3 Rc2 36. Nb4 Rb2 37. Nbd3 Rb1 38. h4 Na2 39. Ke3 Nc1 40. Nxc1 Rxc1 41. Kd3 Kd6 42. Kd2 Rf1 43. Nd3 f6 44. Kc3 e5 45. f4 Rf3 46. fxe5+ fxe5 47. dxe5+ Kc6 48. g4 Rg3 49. g5 Rh3 50. Kd4 Rxh4 51. Nb4+ Kd7 52. Kd5 Rg4 53. e6+ Ke8 54. Kd6 Rxe4 55. Nd5 Rd4 56. Ke5 Rxd5+ 57. Kxd5 h5 58. gxh6 gxh6 59. Ke5 Ke7 60. Kf5 b4 61. Ke5 h5 62. Kf5 h4 63. Kg4 Kxe6 64. Kxh4 Ke5 65. Kg3 Kd4 66. Kf2 Kc3 67. Ke1 Kxb3 68. Kd1 Ka2 0-1

[Event "Catalunya-chT Gp2"]
[Site "Barcelona"]
[Date "2017.02.25"]
[Round "6.4"]
[White "Duran Albareda, Xavier"]
[Black "Escandell Mari, Juan Carlos"]
[Result "1/2-1/2"]
[WhiteElo "2288"]
[BlackElo "2302"]
[PlyCount "40"]
[EventDate "2017.01.21"]
[EventType "team-tourn"]
[EventRounds "7"]
[EventCountry "ESP"]
[SourceTitle "EXT 2018"]
[Source "ChessBase"]
[SourceDate "2017.10.13"]
[SourceVersion "1"]
[SourceVersionDate "2017.10.13"]
[SourceQuality "1"]
[WhiteTeam "Terrassa"]
[BlackTeam "Cerdanyola Valles"]
[WhiteTeamCountry "ESP"]
[BlackTeamCountry "ESP"]

1. e4 e5 2. Nf3 Nc6 3. d4 exd4 4. Nxd4 Bb4+ 5. c3 Bc5 6. Be3 Bb6 7. g3 Nf6 8. Bg2 0-0 9. 0-0 Re8 10. Nd2 d5 11. Nxc6 bxc6 12. Qc2 Bg4 13. Rfe1 Qd6 14. a3 Bh5 15. Rac1 Rad8 16. c4 dxe4 17. Nxe4 Nxe4 18. Bxe4 Bg6 19. Bxg6 Qxg6 20. Qxg6 hxg6 1/2-1/2

[Event "Catalunya-chT Gp2"]
[Site "Barcelona"]
[Date "2017.02.18"]
[Round "5.4"]
[White "Chueca Forcen, Alberto"]
[Black "Duran Albareda, Xavier"]
[Result "1-0"]
[WhiteElo "2351"]
[BlackElo "2288"]
[PlyCount "121"]
[EventDate "2017.01.21"]
[EventType "team-tourn"]
[EventRounds "7"]
[EventCountry "ESP"]
[SourceTitle "EXT 2018"]
[Source "ChessBase"]
[SourceDate "2017.10.13"]
[SourceVersion "1"]
[SourceVersionDate "2017.10.13"]
[SourceQuality "1"]
[WhiteTeam "Barcelona Escola Escacs"]
[BlackTeam "Terrassa"]
[WhiteTeamCountry "ESP"]
[BlackTeamCountry "ESP"]

1. d4 Nf6 2. Bf4 g6 3. Nc3 c5 4. d5 Qa5 5. Qd2 d6 6. e4 a6 7. Nf3 Bg7 8. Be2 0-0 9. 0-0 Bg4 10. Bh6 b5 11. Bxg7 Kxg7 12. a3 Qc7 13. h3 Bc8 14. Qe3 Nbd7 15. a4 bxa4 16. Rxa4 Rb8 17. b3 Rb4 18. Ra2 Nb6 19. Bxa6 c4 20. Nb5 Qb8 21. Nfd4 cxb3 22. cxb3 Bxa6 23. Rxa6 Nbd7 24. Ra5 Qb6 25. Rfa1 Rb8 26. Qd2 Qc5 27. Rc1 Rxd4 28. Nxd4 Qb4 29. Qxb4 Rxb4 30. Rc4 Rxc4 31. bxc4 Nxe4 32. Ra7 Nec5 33. Nb3 Nxb3 34. Rxd7 Kf6 35. f3 h5 36. Kf2 Nd4 37. g4 hxg4 38. fxg4 Nb3 39. Ke3 g5 40. Rb7 Nc5 41. Rc7 Nb3 42. Rc8 Ke5 43. Rg8 Kf6 44. Kd3 Nc5+ 45. Kd4 Nb3+ 46. Ke4 Nd2+ 47. Kd3 Nb3 48. Ke3 Nc5 49. Kf3 Nd3 50. Kg3 Ne5 51. Rc8 Ng6 52. Kf3 Ne5+ 53. Ke4 Nd7 54. Kd4 Nb6 55. Rc6 Na4 56. Rc7 Nb2 57. c5 dxc5+ 58. Rxc5 Kg7 59. Rc3 Kf6 60. Rc2 Na4 61. Ra2 1-0

[Event "Catalunya-chT Gp2"]
[Site "Barcelona"]
[Date "2015.02.28"]
[Round "6.4"]
[White "Duran Albareda, Xavier"]
[Black "Bru Rullo, Llatzer"]
[Result "1-0"]
[WhiteElo "2247"]
[BlackElo "2140"]
[PlyCount "88"]
[EventDate "2015.01.24"]
[EventType "team-tourn"]
[EventRounds "7"]
[EventCountry "ESP"]
[SourceTitle "EXT 2016"]
[Source "ChessBase"]
[SourceDate "2015.10.08"]
[SourceVersion "1"]
[SourceVersionDate "2015.10.08"]
[SourceQuality "1"]
[WhiteTeam "Terrassa"]
[BlackTeam "Cerdanyola Valles"]
[WhiteTeamCountry "ESP"]
[BlackTeamCountry "ESP"]

1. e4 e5 2. Nf3 Nc6 3. d4 exd4 4. Nxd4 Nf6 5. Nc3 Bb4 6. Nxc6 bxc6 7. Bd3 d5 8. exd5 cxd5 9. 0-0 0-0 10. Bg5 c6 11. Qf3 Be7 12. Rfe1 h6 13. Bf4 Be6 14. h3 Nd7 15. Rad1 Bf6 16. Na4 Re8 17. b3 Qa5 18. Qg3 Kh8 19. a3 d4 20. Re2 Nb6 21. Re5 Bxe5 22. Bxe5 Rg8 23. Nxb6 axb6 24. Qf4 f6 25. Bxf6 Qh5 26. Re1 Raf8 27. Rxe6 Rxf6 28. Rxf6 gxf6 29. Qxf6+ Rg7 30. Qxc6 Qg5 31. g3 h5 32. h4 Qe5 33. Kg2 Kg8 34. Qxb6 Qd5+ 35. Kg1 Qe5 36. Qd8+ Kf7 37. Bc4+ Kg6 38. Qb6+ Kh7 39. Qc6 Re7 40. Qf3 Kg7 41. a4 Qe1+ 42. Kg2 Qe5 43. b4 Qc7 44. Bd3 Qe5 1-0

[Event "Catalunya-chT Gp2"]
[Site "Barcelona"]
[Date "2015.02.07"]
[Round "3.3"]
[White "Duran Albareda, Xavier"]
[Black "Lorenzo de la Riva, Lazaro"]
[Result "1-0"]
[WhiteElo "2247"]
[BlackElo "2371"]
[PlyCount "117"]
[EventDate "2015.01.24"]
[EventType "team-tourn"]
[EventRounds "7"]
[EventCountry "ESP"]
[SourceTitle "CBM 164 Extra"]
[Source "ChessBase"]
[SourceDate "2015.03.02"]
[SourceVersion "1"]
[SourceVersionDate "2015.03.02"]
[SourceQuality "1"]
[WhiteTeam "Terrassa"]
[BlackTeam "Colon Sabadell"]
[WhiteTeamCountry "ESP"]
[BlackTeamCountry "ESP"]

1. e4 c5 2. Nf3 d6 3. d4 cxd4 4. Nxd4 Nf6 5. Nc3 a6 6. g3 e5 7. Nde2 h5 8. h3 Be6 9. Bg2 Nbd7 10. a4 Rc8 11. Be3 Be7 12. b3 h4 13. f4 Nf8 14. a5 Qc7 15. f5 Bd7 16. g4 Bc6 17. Qd2 N8d7 18. g5 Nh5 19. 0-0 Ng3 20. Nxg3 hxg3 21. Qe1 Qd8 22. Qxg3 Bb5 23. Nxb5 axb5 24. Rf2 Rc3 25. Rf3 Rxc2 26. Qg4 Qc7 27. Bf1 Qc6 28. b4 Rc3 29. Rd1 Bf8 30. Rd5 Rc4 31. Bxc4 Qxc4 32. Bd2 Kd8 33. Rc3 Qa2 34. Qe2 Rh4 35. Qd3 Be7 36. Kg2 Qa1 37. Rc1 Qa2 38. Kg3 Rf4 39. h4 Qb2 40. Rxb5 Rxe4 41. Qxe4 Qxd2 42. Re1 Qc3+ 43. Re3 Qc1 44. Rxb7 Qg1+ 45. Kh3 Qf1+ 46. Kg4 Qd1+ 47. Qf3 Qg1+ 48. Kh5 Bxg5 49. Rxd7+ Kxd7 50. hxg5 e4 51. Rxe4 Qh2+ 52. Kg4 Qg1+ 53. Qg3 Qd1+ 54. Kf4 Qd2+ 55. Kf3 Qd3+ 56. Kf4 Qd2+ 57. Qe3 Qh2+ 58. Kf3 Qh5+ 59. Kg2 1-0

[Event "Catalunya-chT Gp2"]
[Site "Barcelona"]
[Date "2015.01.24"]
[Round "1.4"]
[White "Ramirez Garcia, Jorge Alberto"]
[Black "Duran Albareda, Xavier"]
[Result "1-0"]
[WhiteElo "2293"]
[BlackElo "2247"]
[PlyCount "57"]
[EventDate "2015.01.24"]
[EventType "team-tourn"]
[EventRounds "7"]
[EventCountry "ESP"]
[SourceTitle "CBM 164 Extra"]
[Source "ChessBase"]
[SourceDate "2015.03.02"]
[SourceVersion "1"]
[SourceVersionDate "2015.03.02"]
[SourceQuality "1"]
[WhiteTeam "Barcelona Escola Escacs"]
[BlackTeam "Terrassa"]
[WhiteTeamCountry "ESP"]
[BlackTeamCountry "ESP"]

1. e4 e5 2. Nf3 Nc6 3. d4 exd4 4. Nxd4 Nf6 5. Nxc6 bxc6 6. Qe2 Bb4+ 7. c3 Be7 8. e5 Nd5 9. Qg4 g6 10. c4 Nb4 11. Qd1 0-0 12. a3 Na6 13. Bf4 f6 14. Bd3 fxe5 15. Bxe5 Bf6 16. Bc3 Nc5 17. 0-0 Nxd3 18. Qxd3 d6 19. Bxf6 Qxf6 20. Nc3 a5 21. Rae1 d5 22. Nxd5 Qxb2 23. Re3 Qg7 24. Re7 Rf7 25. Re8+ Rf8 26. Ne7+ Kf7 27. Rxc8 Raxc8 28. Nxc8 Kg8 29. Na7 1-0

[Event "Catalunya-chT Honor"]
[Site "Catalunya"]
[Date "2009.03.01"]
[Round "5"]
[White "Duran Albareda, Xavier"]
[Black "Yepes Martinez, Eduardo"]
[Result "0-1"]
[WhiteElo "2236"]
[BlackElo "2267"]
[PlyCount "72"]
[EventDate "2009.02.01"]
[EventType "team-tourn"]
[EventRounds "9"]
[EventCountry "ESP"]
[SourceTitle "EXT 2019"]
[Source "ChessBase"]
[SourceDate "2018.10.10"]
[SourceVersion "1"]
[SourceVersionDate "2018.10.10"]
[SourceQuality "1"]
[WhiteTeam "Terrassa"]
[BlackTeam "Foment Martinenc"]
[WhiteTeamCountry "ESP"]
[BlackTeamCountry "ESP"]

1. e4 e6 2. d3 d5 3. Nd2 Nf6 4. Ngf3 Nc6 5. g3 dxe4 6. dxe4 e5 7. Bg2 Bc5 8. 0-0 0-0 9. h3 a5 10. Qe2 b6 11. Rd1 Ba6 12. Qe1 Nb4 13. Nb1 Nxc2 14. Rxd8 Raxd8 15. Nc3 Nxe1 16. Nxe1 h6 17. Nc2 Bd4 18. Ne3 Rd7 19. f3 Rfd8 20. h4 Bxc3 21. bxc3 Rd3 22. Bf1 Rxe3 23. Bxe3 Bxf1 24. Rxf1 Rd3 25. Bc1 Nh5 26. Kg2 Rxc3 27. Kh3 Rc2 28. a3 Kf8 29. Kg4 Nf6+ 30. Kf5 Rc5 31. g4 Ng8 32. g5 h5 33. g6 f6 34. Ke6 Ke8 35. Be3 Rc6+ 36. Kd5 Ne7# 0-1

[Event "Catalunya-chT DH"]
[Site "Spain"]
[Date "2004.??.??"]
[Round "5"]
[White "Padreny Gutierrez, Josep"]
[Black "Duran Albareda, Xavier"]
[Result "1/2-1/2"]
[WhiteElo "2229"]
[BlackElo "2225"]
[PlyCount "45"]
[EventDate "2004.??.??"]
[EventType "team"]
[EventRounds "9"]
[EventCountry "ESP"]
[SourceTitle "EXT 2007"]
[Source "ChessBase"]
[SourceDate "2006.11.23"]
[SourceVersion "1"]
[SourceVersionDate "2006.11.23"]
[SourceQuality "1"]

1. Nf3 Nf6 2. g3 g6 3. Bg2 Bg7 4. d3 0-0 5. 0-0 d6 6. e4 e5 7. c3 c6 8. Re1 Qe7 9. Qc2 h6 10. b3 a6 11. Nbd2 b5 12. a4 Bb7 13. Bb2 Nbd7 14. d4 Rfd8 15. axb5 axb5 16. c4 b4 17. c5 Ne8 18. cxd6 Nxd6 19. dxe5 Nxe5 20. Nxe5 Bxe5 21. Rxa8 Rxa8 22. Bxe5 Qxe5 23. Nc4 1/2-1/2

[Event "Catalunya-chT"]
[Site "Spain"]
[Date "2003.??.??"]
[Round "9"]
[White "Duran Albareda, Xavier"]
[Black "Collado Pallas, David"]
[Result "0-1"]
[WhiteElo "2219"]
[BlackElo "2185"]
[PlyCount "80"]
[EventDate "2003.??.??"]
[EventType "team"]
[EventRounds "9"]
[EventCountry "ESP"]
[SourceTitle "EXT 2007"]
[Source "ChessBase"]
[SourceDate "2006.11.23"]
[SourceVersion "1"]
[SourceVersionDate "2006.11.23"]
[SourceQuality "1"]

1. e4 c6 2. d4 d5 3. exd5 cxd5 4. Bd3 Nf6 5. c3 Nc6 6. Bf4 e6 7. Nf3 Bd6 8. Bxd6 Qxd6 9. 0-0 Ne4 10. Qe2 f5 11. Ne5 0-0 12. f3 Nxe5 13. dxe5 Qb6+ 14. Kh1 Nc5 15. b4 Nxd3 16. Qxd3 Bd7 17. a4 Rac8 18. Rd1 Qc7 19. f4 Qc4 20. Qe3 Bxa4 21. Rc1 d4 22. Qf2 Qxb4 23. Qa2 Bb3 24. Qb2 dxc3 25. Nxc3 a5 26. Ne2 Bd5 27. Qxb4 axb4 28. Nd4 b3 29. Rd1 Rc3 30. Rab1 Rfc8 31. h4 g6 32. Kh2 Rc2 33. Rg1 R2c4 34. Rgd1 Rb4 35. Rb2 Rcc4 36. Ne2 Rc2 37. Rdb1 Re4 38. Nc1 Rxf4 39. Nxb3 Rxb2 40. Rxb2 Rxh4+ 0-1

[Event "Catalunya-chT"]
[Site "Spain"]
[Date "2003.??.??"]
[Round "3"]
[White "Duran Albareda, Xavier"]
[Black "Lillo Ferrer, Josep Maria"]
[Result "1-0"]
[WhiteElo "2219"]
[BlackElo "2210"]
[PlyCount "75"]
[EventDate "2003.??.??"]
[EventType "team"]
[EventRounds "9"]
[EventCountry "ESP"]
[SourceTitle "EXT 2007"]
[Source "ChessBase"]
[SourceDate "2006.11.23"]
[SourceVersion "1"]
[SourceVersionDate "2006.11.23"]
[SourceQuality "1"]

1. e4 e5 2. Nf3 Nc6 3. d4 exd4 4. Nxd4 g6 5. Nxc6 bxc6 6. Bd3 Bg7 7. 0-0 Nf6 8. e5 Nd5 9. Re1 0-0 10. c4 Nb4 11. Bf1 d6 12. a3 Na6 13. exd6 cxd6 14. Nc3 Nc5 15. Bf4 Nb7 16. Qd2 Be6 17. b4 d5 18. c5 a5 19. Rac1 axb4 20. axb4 Ra3 21. Be5 Bxe5 22. Rxe5 Qh4 23. Ne2 Rfa8 24. g3 Qf6 25. Qd4 Kg7 26. Nf4 Bf5 27. Rd1 R3a4 28. h3 Nd8 29. g4 Rxb4 30. Qxb4 Qxe5 31. gxf5 Qxf5 32. Rd3 h6 33. Qd4+ Kh7 34. Re3 Nb7 35. Bd3 Qg5+ 36. Rg3 Qe7 37. Nh5 f5 38. Bxf5 1-0

[Event "Catalunya-chT"]
[Site "Spain"]
[Date "2003.??.??"]
[Round "4"]
[White "Monell Camarasa, David"]
[Black "Duran Albareda, Xavier"]
[Result "0-1"]
[WhiteElo "2219"]
[BlackElo "2219"]
[PlyCount "56"]
[EventDate "2003.??.??"]
[EventType "team"]
[EventRounds "9"]
[EventCountry "ESP"]
[SourceTitle "EXT 2007"]
[Source "ChessBase"]
[SourceDate "2006.11.23"]
[SourceVersion "1"]
[SourceVersionDate "2006.11.23"]
[SourceQuality "1"]

1. d4 Nf6 2. c4 g6 3. Nc3 Bg7 4. e4 d6 5. Bg5 0-0 6. f4 c5 7. d5 Qa5 8. Bd3 e6 9. Nf3 exd5 10. cxd5 c4 11. Bc2 b5 12. Qd2 Re8 13. h3 Nbd7 14. 0-0 b4 15. Ne2 Nxe4 16. Bxe4 Rxe4 17. Qc2 Qxd5 18. Ng3 Re8 19. f5 Bb7 20. Nh4 h6 21. fxg6 fxg6 22. Bxh6 Qd4+ 23. Kh1 Qxh4 24. Bf4 Ne5 25. Rad1 Nf3 26. Rxf3 Bxf3 27. Qxg6 Bxd1 28. Bg5 Bc2 0-1

[Event "Catalunya-chT"]
[Site "Barcelona"]
[Date "2002.??.??"]
[Round "4"]
[White "Moskalenko, Viktor"]
[Black "Duran Albareda, Xavier"]
[Result "1-0"]
[WhiteElo "2570"]
[BlackElo "2315"]
[PlyCount "103"]
[EventDate "2002.??.??"]
[EventType "team"]
[EventRounds "9"]
[EventCountry "ESP"]
[SourceTitle "EXT 2008"]
[Source "ChessBase"]
[SourceDate "2007.11.25"]
[SourceVersion "1"]
[SourceVersionDate "2007.11.25"]
[SourceQuality "1"]

1. d4 Nf6 2. c4 c5 3. d5 b5 4. Nf3 Bb7 5. a4 Qa5+ 6. Bd2 b4 7. Qc2 d6 8. g3 g6 9. Bg2 Bg7 10. 0-0 0-0 11. e4 Nbd7 12. h3 Qc7 13. Bf4 Rae8 14. Nbd2 Nh5 15. Be3 e5 16. Nh4 Qd8 17. Rae1 Bc8 18. Ndf3 h6 19. Qe2 Kh7 20. Nd2 Ndf6 21. Kh2 Ng8 22. Nb3 Bd7 23. Nxc5 dxc5 24. Bxc5 Nf4 25. Qe3 Nxg2 26. Nxg2 Ne7 27. Bxb4 f5 28. f3 f4 29. gxf4 exf4 30. Qxa7 Be5 31. Bc3 Nc8 32. Qf2 Bxc3 33. bxc3 Re5 34. Rh1 Bxh3 35. Kxh3 Rh5+ 36. Nh4 g5 37. e5 Ne7 38. Kg2 gxh4 39. e6 Rg8+ 40. Kh2 Rhg5 41. Rhg1 Rg3 42. Qc2+ Ng6 43. e7 Qd7 44. Re6 Kh8 45. Qxg6 R3xg6 46. Rgxg6 Re8 47. d6 Qxa4 48. Kh3 Qd1 49. Kg4 Qg1+ 50. Kh5 Qc5+ 51. Kxh6 Qc6 52. Ref6 1-0

[Event "ESP-chT"]
[Site "Barcelona"]
[Date "2000.08.09"]
[Round "5"]
[White "Duran Albareda, Xavier"]
[Black "Toledano Llinares, Juan Antonio"]
[Result "1/2-1/2"]
[WhiteElo "2163"]
[BlackElo "2343"]
[PlyCount "132"]
[EventDate "2000.08.05"]
[EventType "team"]
[EventRounds "9"]
[EventCountry "ESP"]
[SourceTitle "CBM 077 Extra"]
[Source "ChessBase"]
[SourceDate "2000.09.14"]
[SourceVersion "1"]
[SourceVersionDate "2000.09.14"]
[SourceQuality "1"]

1. e4 g6 2. d4 c6 3. Nf3 d5 4. Nc3 Bg7 5. Be2 Nf6 6. e5 Ne4 7. 0-0 f6 8. h3 Nxc3 9. bxc3 Nd7 10. exf6 exf6 11. Bf4 Nb6 12. Bd3 Kf7 13. Nd2 Be6 14. Re1 Re8 15. a4 Nc8 16. Rb1 b6 17. c4 Ne7 18. Qf3 Qd7 19. a5 Nc8 20. cxd5 Bxd5 21. Ne4 f5 22. Ng5+ Kg8 23. Rxe8+ Qxe8 24. Qd1 b5 25. Qd2 Qd7 26. Re1 Nd6 27. Be5 Bh6 28. Qb4 Bf8 29. Qd2 Re8 30. h4 h6 31. Nh3 Ne4 32. Bxe4 Bxe4 33. Bf4 Kh7 34. f3 Bd5 35. Rxe8 Qxe8 36. Be5 Qe7 37. Qf4 Qb4 38. h5 Qb1+ 39. Kh2 Qxc2 40. hxg6+ Kxg6 41. Qh4 Kf7 42. Qh5+ Ke7 43. Qg6 Kd8 44. Nf4 b4 45. Nxd5 cxd5 46. Qf7 Be7 47. Qxd5+ Ke8 48. Qg8+ Kd7 49. d5 b3 50. Qe6+ Kd8 51. d6 Bg5 52. Qg8+ Kd7 53. f4 Bh4 54. Qf7+ Kc6 55. Qxa7 Qd3 56. Qb6+ Kd5 57. Qb7+ Ke6 58. Qc8+ Kd5 59. Qg8+ Kc6 60. a6 Kb6 61. g3 Qe2+ 62. Kh3 Qf3 63. Kh2 Qe2+ 64. Kh3 Qf1+ 65. Kh2 Qf2+ 66. Kh3 Qf3 1/2-1/2

[Event "Sant Boi op-A"]
[Site "Sant Boi de Llobregat"]
[Date "2000.05.12"]
[Round "1"]
[White "Hernando Rodrigo, Inmaculada"]
[Black "Duran Albareda, Xavier"]
[Result "0-1"]
[WhiteElo "2065"]
[BlackElo "2187"]
[PlyCount "44"]
[EventDate "2000.05.12"]
[EventType "swiss"]
[EventRounds "7"]
[EventCountry "ESP"]
[SourceTitle "EXT 2003"]
[Source "ChessBase"]
[SourceDate "2002.11.25"]
[SourceVersion "1"]
[SourceVersionDate "2002.11.25"]
[SourceQuality "1"]

1. e4 e5 2. Nf3 Nc6 3. Bb5 a6 4. Ba4 d6 5. c3 Bd7 6. d3 g6 7. Bg5 f6 8. Be3 Nh6 9. 0-0 Bg7 10. Qc1 Nf7 11. d4 0-0 12. Bc2 Qe7 13. a4 f5 14. d5 Nb8 15. exf5 gxf5 16. Bg5 Nxg5 17. Qxg5 Qf7 18. Nbd2 Kh8 19. c4 e4 20. Nh4 Bf6 21. Qh6 Rg8 22. f4 Bg7 0-1

[Event "ESP-chT Div 1"]
[Site "Cala Galdana"]
[Date "1999.11.14"]
[Round "7"]
[White "Duran Albareda, Xavier"]
[Black "Narciso Dublan, Marc"]
[Result "0-1"]
[WhiteElo "2206"]
[BlackElo "2447"]
[PlyCount "52"]
[EventDate "1999.11.08"]
[EventType "team"]
[EventRounds "9"]
[EventCountry "ESP"]
[SourceTitle "EXT 2000"]
[Source "ChessBase"]
[SourceDate "1999.11.16"]
[SourceVersion "1"]
[SourceVersionDate "1999.11.16"]
[SourceQuality "1"]

1. e4 Nc6 2. Nf3 e5 3. d4 exd4 4. Nxd4 Nf6 5. Nxc6 bxc6 6. e5 Qe7 7. Qe2 Nd5 8. c4 Ba6 9. b3 0-0-0 10. g3 f6 11. Bb2 fxe5 12. Bg2 e4 13. 0-0 e3 14. Re1 Qc5 15. fxe3 Qxe3+ 16. Kh1 Qxe2 17. Rxe2 h5 18. Nd2 h4 19. gxh4 Nf4 20. Re4 Rxh4 21. Rf1 Nxg2 22. Kxg2 Rxe4 23. Nxe4 d5 24. Nd2 Bb4 25. Rf2 Re8 26. cxd5 Bc5 0-1

[Event "ESP-chT Div 1"]
[Site "Cala Galdana"]
[Date "1999.11.13"]
[Round "6"]
[White "Franco Ocampos, Zenon"]
[Black "Duran Albareda, Xavier"]
[Result "1-0"]
[WhiteElo "2474"]
[BlackElo "2206"]
[PlyCount "51"]
[EventDate "1999.11.08"]
[EventType "team"]
[EventRounds "9"]
[EventCountry "ESP"]
[SourceTitle "EXT 2000"]
[Source "ChessBase"]
[SourceDate "1999.11.16"]
[SourceVersion "1"]
[SourceVersionDate "1999.11.16"]
[SourceQuality "1"]

1. c4 Nf6 2. Nc3 g6 3. g3 Bg7 4. Bg2 0-0 5. e4 d6 6. Nge2 e5 7. 0-0 c6 8. d3 a6 9. h3 b5 10. Be3 Be6 11. b3 Nfd7 12. Rc1 f6 13. d4 b4 14. Na4 Bf7 15. c5 dxc5 16. dxe5 Nxe5 17. Bxc5 Re8 18. Qxd8 Rxd8 19. Bxb4 Ra7 20. f4 Nd3 21. Rcd1 Rad7 22. Ba5 Re8 23. Rd2 c5 24. Rfd1 Nc6 25. Bc3 Red8 26. e5 1-0

[Event "ESP-chT Div 1"]
[Site "Cala Galdana"]
[Date "1999.11.09"]
[Round "2"]
[White "Teran Alvarez, Ismael"]
[Black "Duran Albareda, Xavier"]
[Result "1-0"]
[WhiteElo "2419"]
[BlackElo "2206"]
[PlyCount "73"]
[EventDate "1999.11.08"]
[EventType "team"]
[EventRounds "9"]
[EventCountry "ESP"]
[SourceTitle "EXT 2000"]
[Source "ChessBase"]
[SourceDate "1999.11.16"]
[SourceVersion "1"]
[SourceVersionDate "1999.11.16"]
[SourceQuality "1"]

1. Nf3 Nf6 2. g3 g6 3. Bg2 Bg7 4. 0-0 0-0 5. d4 d6 6. a4 a5 7. c3 Nbd7 8. Re1 e5 9. e4 Re8 10. Qc2 Nf8 11. dxe5 dxe5 12. Na3 Bg4 13. Nc4 N6d7 14. Be3 h6 15. Nfd2 g5 16. Nb3 b6 17. Bc1 Ne6 18. Ne3 Bh5 19. Bf1 Qc8 20. Nf5 Bf8 21. Nd2 Qb7 22. Nc4 f6 23. Nce3 Nec5 24. b4 Ne6 25. b5 Nec5 26. Bc4+ Bf7 27. Qa2 Bxc4 28. Qxc4+ Ne6 29. Nd5 Rad8 30. Be3 Kf7 31. Rad1 c6 32. Bc5 Nexc5 33. bxc6 Qxc6 34. Qe2 Bg7 35. Qh5+ Kf8 36. Qg6 Qb7 37. Nde7 1-0

[Event "Catalunya-chT"]
[Site "Spain"]
[Date "1999.??.??"]
[Round "2"]
[White "Colls Gelaberto, Emilio"]
[Black "Duran Albareda, Xavier"]
[Result "1-0"]
[WhiteElo "2260"]
[BlackElo "2290"]
[PlyCount "59"]
[EventDate "1999.??.??"]
[EventType "team"]
[EventRounds "9"]
[EventCountry "ESP"]
[SourceTitle "EXT 2000"]
[Source "ChessBase"]
[SourceDate "1999.11.16"]
[SourceVersion "1"]
[SourceVersionDate "1999.11.16"]
[SourceQuality "1"]

1. e4 e5 2. Nc3 Nf6 3. g3 d5 4. exd5 Nxd5 5. Bg2 Nxc3 6. bxc3 Bc5 7. Ne2 0-0 8. 0-0 c6 9. d3 Bg4 10. h3 Bh5 11. g4 Bg6 12. Ng3 Nd7 13. Qf3 Re8 14. Be3 Qc7 15. Rfb1 Rad8 16. Rb3 Bxe3 17. Qxe3 b6 18. a4 Nc5 19. Rb2 Nb7 20. c4 Rd7 21. a5 Nxa5 22. c5 Rd4 23. cxb6 axb6 24. Ne2 Rd7 25. Rxb6 c5 26. Rb5 Nc6 27. Rxc5 e4 28. dxe4 Qb6 29. Rc3 Ne5 30. Qxb6 1-0

[Event "Catalunya-chT"]
[Site "Spain"]
[Date "1999.??.??"]
[Round "1"]
[White "Duran Albareda, Xavier"]
[Black "Perez Vilalta, Diego"]
[Result "1-0"]
[WhiteElo "2290"]
[BlackElo "1920"]
[PlyCount "55"]
[EventDate "1999.??.??"]
[EventType "team"]
[EventRounds "9"]
[EventCountry "ESP"]
[SourceTitle "EXT 2000"]
[Source "ChessBase"]
[SourceDate "1999.11.16"]
[SourceVersion "1"]
[SourceVersionDate "1999.11.16"]
[SourceQuality "1"]

1. e4 e5 2. Nf3 Nc6 3. d4 exd4 4. Nxd4 Bc5 5. Be3 Qf6 6. c3 Bb6 7. Bc4 Nge7 8. 0-0 Ne5 9. Be2 d6 10. Nb5 Kd8 11. Bxb6 axb6 12. f4 Nd7 13. N1a3 Ng6 14. Kh1 Re8 15. Bd3 c6 16. e5 dxe5 17. fxe5 Qxe5 18. Bxg6 hxg6 19. Nd6 Kc7 20. Nac4 Qe6 21. Nxe8+ Qxe8 22. Qd6+ Kd8 23. Nxb6 Ra5 24. Rfe1 Re5 25. Rxe5 Qxe5 26. Nc4 Qe2 27. b3 Ke8 28. Qc7 1-0

[Event "Terrassa op"]
[Site "Terrassa"]
[Date "1998.??.??"]
[Round "?"]
[White "Panchenko, Alexander N"]
[Black "Duran Albareda, Xavier"]
[Result "1/2-1/2"]
[WhiteElo "2410"]
[BlackElo "2095"]
[PlyCount "56"]
[EventDate "1998.??.??"]
[EventType "swiss"]
[EventRounds "9"]
[EventCountry "ESP"]
[SourceTitle "EXT 2003"]
[Source "ChessBase"]
[SourceDate "2002.11.25"]
[SourceVersion "1"]
[SourceVersionDate "2002.11.25"]
[SourceQuality "1"]

1. d4 Nf6 2. Nf3 g6 3. g3 Bg7 4. Bg2 0-0 5. 0-0 d6 6. b3 c5 7. Bb2 a6 8. c4 Nc6 9. Nc3 cxd4 10. Nxd4 Nxd4 11. Qxd4 Rb8 12. Rac1 Be6 13. Nd5 Ne8 14. Qd2 Bxb2 15. Qxb2 Nc7 16. Nf4 Bd7 17. Rcd1 Bc6 18. c5 Bxg2 19. Kxg2 Ne8 20. cxd6 Nxd6 21. Nd5 f6 22. e4 e5 23. Qa3 Nb5 24. Ne7+ Kf7 25. Rxd8 Nxa3 26. Rxf8+ Rxf8 27. Nd5 Nb5 28. a4 Nd6 1/2-1/2

[Event "Catalunya-chT"]
[Site "Spain"]
[Date "1998.??.??"]
[Round "8"]
[White "Pinazo Donoso, Jorge"]
[Black "Duran Albareda, Xavier"]
[Result "1-0"]
[WhiteElo "2265"]
[BlackElo "2225"]
[PlyCount "89"]
[EventDate "1998.01.??"]
[EventType "team"]
[EventRounds "9"]
[EventCountry "ESP"]
[SourceTitle "EXT 2003"]
[Source "ChessBase"]
[SourceDate "2002.11.25"]
[SourceVersion "1"]
[SourceVersionDate "2002.11.25"]
[SourceQuality "1"]

1. d4 Nf6 2. c4 c5 3. d5 b5 4. cxb5 a6 5. f3 e6 6. e4 exd5 7. e5 Qe7 8. Qe2 Ng8 9. Nc3 Bb7 10. Nh3 c4 11. Nf4 Qc5 12. a4 d4 13. bxa6 Nxa6 14. Nb5 Nb4 15. Qxc4 Nc2+ 16. Kd1 Nxa1 17. Nc7+ Kd8 18. Nxa8 Bxa8 19. Qxc5 Bxc5 20. Bc4 Ne7 21. Nd3 Ba7 22. Bg5 h6 23. Bxe7+ Kxe7 24. Kd2 Rc8 25. Rc1 d5 26. Ba2 Rxc1 27. Kxc1 Bc6 28. b3 Bb8 29. Kb2 Nxb3 30. Bxb3 Bc7 31. Nb4 Kd7 32. f4 Ba5 33. Nxd5 Bxd5 34. Bxd5 Ke7 35. Be4 Ke6 36. Kb3 f6 37. exf6 gxf6 38. Kc4 Bc3 39. g4 Bd2 40. f5+ Ke5 41. Bd3 Bc3 42. Kb5 Kf4 43. a5 Bxa5 44. Kxa5 Kxg4 45. Kb4 1-0